Wood : Chemistry, Ultrastructure, Reactions /

Salvato in:
Dettagli Bibliografici
Autori principali: Fengel, Dietrich (Autore), Wegener, Gerd (Autore)
Natura: Libro
Lingua:inglese
Pubblicazione: Berlin : Walter de Gruyter, 1989
Tags: Aggiungi Tag
Nessun Tag, puoi essere il primo ad aggiungerne!!

MARC

LEADER 00000nam a22000003a 4500
001 stu22148
005 20150617225750.9
008 940125s1989----gw------------------eng-d
020 |a 3-11-008481-3 
040 |a STU  |b slo 
041 0 |a eng 
044 |a gw 
080 |a 674.001 
080 |a 547.992.3+547.295.14 
100 1 |a Fengel, Dietrich  |4 aut 
245 1 |a Wood :  |b Chemistry, Ultrastructure, Reactions /  |c [aut.]Fengel,Dietrich, Wegener,Gerd 
260 |a Berlin :  |b Walter de Gruyter,  |c 1989 
300 |a 613 s :  |b Obr.,tab.,grafy,lit.,index 
700 1 |a Wegener, Gerd  |4 aut 
996 |b C92474  |c C*92474  |l CCVIIIA  |s P  |a 0  |w stu22148_0001